| 000 | 00663cam a2200181 a 4500 | ||
|---|---|---|---|
| 001 | 000014018 | ||
| 005 | 20200929163434.0 | ||
| 008 | 780601s1974 sp 000 0 spa | ||
| 040 |
_aDO-SdBNP _bspa _cBNPHU |
||
| 082 |
_a320.97295 _bG216a |
||
| 100 | 1 |
_aGarcía-Passalacqua, Juan M., _d1937- _931721 |
|
| 245 | 1 | 3 |
_aLa alternativa liberal : _buna visión histórica de Puerto Rico / _cJuan M. García-Passalacqua. |
| 260 |
_aBarcelona : _bUniversitaria ; _bUniversidad de Puerto Rico, _c1974. |
||
| 300 |
_a169 p. ; _c18 cm. |
||
| 490 | 1 |
_aUprex _v27 _aEnsayos |
|
| 504 | _aBibliografía: (p 161-169). | ||
| 651 | 4 |
_aPuerto Rico _xPolítica Y Gobierno _y1952-1998. _916163 |
|
| 999 |
_c13622 _d13622 |
||